000 00677nam a22002417a 4500
999 _c382006
_d382006
001 95759
003 UA-OsUOA
005 20191001213329.0
007 ta
008 20130306b un ||||| |||| 00| 0 ukr d
040 _aUA-OsUOA
_bukr
_cUA-OsUOA
_dUA-OsUOA
041 _aukr
080 _a821.163.2
090 _a821.163.2
_bК21
100 _aКараславов Г.
245 _aПрості люди
_bроман
260 _aК.
_bДніпро
_c1978
300 _a367 с.
650 7 _a82 Література. Літературознавство
_2UDC
856 4 0 _yКлацніть тут для перегляду онлайн
942 _cBK
_2udc
955 _a3